000 00750nam a22002777a 4500
001 BR2018002501
003 BR-BrBNA
005 20230928105400.0
007 ta
008 230509b bl.||||| |||| 00| 0 por d
040 _aBR-BrBNA
_bpor
_cBiblioteca Nacional de Agricultura
041 _a(Por)
072 _aH20
_b1000
_b4110
090 _ 1000 BR2018002501
110 1 _aFundo de Defesa da Citricultura, São Paulo, SP (Brasil)
_95193
245 1 _aClorose variegada dos citros; manual tecnico
260 3 _aSão Paulo, SP (Brasil):
_c2009.
300 _a11 p.
650 _aFRUTA CÍTRICA
650 _aCLOROSE
650 _aBACTERIA
650 _aSINTOMA
650 _aVETOR
909 _a202309
_bLucia
_c55
_dLucia Elande
942 _cBK
999 _c84904
_d84904